Комментарий к Федеральному закону "О высшем и послевузовском профессиональном образовании"

Dettagli Bibliografici
Ente Autore: Центр публично-правовых исследований (ЦППИ)
Altri autori: Козырин А. Н. Александр Николаевич (редактор)
Riassunto:Исключено из фонда НТБ ТПУ
Lingua:russo
Pubblicazione: Москва, Норма, 2008
Serie:Комментарии "Нормы"
Natura: MixedMaterials Libro
KOHA link:https://koha.lib.tpu.ru/cgi-bin/koha/opac-detail.pl?biblionumber=156662

MARC

LEADER 00000nam0a2200000 4500
001 156662
005 20231031153315.0
010 |a 9785468002131  |b (в пер.)  |b 2000 экз. 
021 |a RU  |b 08-55149  |9 08-3058 
035 |a (RuTPU)RU\TPU\book\169908 
090 |a 156662 
100 |a 20080808d2008 km y0rusy5002 ca 
101 0 |a rus 
102 |a RU 
105 |a y z 000zy 
200 1 |a Комментарий к Федеральному закону "О высшем и послевузовском профессиональном образовании"  |f Центр публично-правовых исследований; под ред. А. Н. Козырина 
210 |a Москва  |c Норма  |d 2008 
215 |a 463 с. 
225 1 |a Комментарии "Нормы" 
333 |a Исключено из фонда НТБ ТПУ 
702 1 |a Козырин  |b А. Н.  |g Александр Николаевич  |4 340 
712 0 2 |a Центр публично-правовых исследований (ЦППИ) 
801 1 |a RU  |b 63413507  |c 20090330  |g PSBO 
801 2 |a RU  |b 63413507  |c 20220615  |g PSBO 
942 |c BK 
959 |a 41/20090326  |d 1  |e 194,90  |f ЧЗСБО:1